Selling Social : Procurement, Purchasing, and Social Enterprises.

Drawing on Canadian case studies, Selling Social offers insight into the successes and challenges regarding social procurement and social purchasing from the perspective of social enterprises.

Bibliographic Details
Main Author: Sumner, Jennifer.
Other Authors: Chan, Andrea., Luk, Annie., Quarter, Jack.
Format: eBook
Language:English
Published: Toronto : University of Toronto Press, 2023.
Edition:1st ed.
Subjects:
Online Access:Click to View
LEADER 03095nam a22004213i 4500
001 EBC30364124
003 MiAaPQ
005 20231204023229.0
006 m o d |
007 cr cnu||||||||
008 231204s2023 xx o ||||0 eng d
020 |a 9781487552350  |q (electronic bk.) 
020 |z 9781487524500 
035 |a (MiAaPQ)EBC30364124 
035 |a (Au-PeEL)EBL30364124 
035 |a (OCoLC)1369640866 
040 |a MiAaPQ  |b eng  |e rda  |e pn  |c MiAaPQ  |d MiAaPQ 
082 0 |a 352.5/30971 
100 1 |a Sumner, Jennifer. 
245 1 0 |a Selling Social :  |b Procurement, Purchasing, and Social Enterprises. 
250 |a 1st ed. 
264 1 |a Toronto :  |b University of Toronto Press,  |c 2023. 
264 4 |c Ã2023. 
300 |a 1 online resource (307 pages) 
336 |a text  |b txt  |2 rdacontent 
337 |a computer  |b c  |2 rdamedia 
338 |a online resource  |b cr  |2 rdacarrier 
505 0 |a Cover -- Half-Title Page -- Title Page -- Copyright Page -- Contents -- Acknowledgments -- Introduction: Selling Social -- Part 1: Overview of Non-profit Social Enterprises, Social Procurement, and Social Purchasing -- 1 Literature Review -- 2 Procurement and Purchasing Policies for Social Value by Governments in Canada -- 3 A Pan-Canadian Survey of Social Enterprises -- Part 2: Securing Large Contracts through Relationship Building -- 4 BUILD Inc. -- 5 SARCAN Recycling: A Division of SARC -- 6 Ever Green Recycling -- 7 EMBERS Staffing Solutions -- Part 3: The Importance of Parent Organizations -- 8 Social Crust Cafe &amp -- Catering -- 9 ImagineAbility Inc. -- 10 Wachiay Studio -- 11 Diversity Food Services -- 12 Rainbow's End Community Development Corporation -- Part 4: The Dilemma of Selling Social Value -- 13 Let's Work Atlantic and Market Wizards -- 14 Ethnicity Catering -- 15 Horizon Achievement Centre -- 16 Calgary Progressive Lifestyles Foundation -- 17 Stone Hearth Bakery -- Part 5: Balancing Multiple Bottom Lines -- 18 The Groupe PART (Programmes d'Apprentissage au Retour au Travail) -- 19 Harbourview Training Centre -- 20 Challenge Disability Resource Group -- 21 Services and Housing In the Province (SHIP) -- 22 LOFT Kitchen -- Conclusion: Selling Social: Future Directions -- Contributors -- Index. 
520 |a Drawing on Canadian case studies, Selling Social offers insight into the successes and challenges regarding social procurement and social purchasing from the perspective of social enterprises. 
588 |a Description based on publisher supplied metadata and other sources. 
590 |a Electronic reproduction. Ann Arbor, Michigan : ProQuest Ebook Central, 2023. Available via World Wide Web. Access may be limited to ProQuest Ebook Central affiliated libraries.  
655 4 |a Electronic books. 
700 1 |a Chan, Andrea. 
700 1 |a Luk, Annie. 
700 1 |a Quarter, Jack. 
776 0 8 |i Print version:  |a Sumner, Jennifer  |t Selling Social  |d Toronto : University of Toronto Press,c2023  |z 9781487524500 
797 2 |a ProQuest (Firm) 
856 4 0 |u https://ebookcentral.proquest.com/lib/matrademy/detail.action?docID=30364124  |z Click to View